Elektronische Digitalrechner und Programmierung, (Record no. 8862)
[ view plain ]
| 000 -LEADER | |
|---|---|
| fixed length control field | 00888cam a22002651 4500 |
| 001 - CONTROL NUMBER | |
| control field | 8862 |
| 003 - CONTROL NUMBER IDENTIFIER | |
| rucl marc code | BD-RjUL |
| 005 - DATE AND TIME OF LATEST TRANSACTION | |
| control field | 20211208234651.0 |
| 008 - FIXED-LENGTH DATA ELEMENTS--GENERAL INFORMATION | |
| fixed length control field | 140119s1962 xx 000 0 ger |
| 035 ## - SYSTEM CONTROL NUMBER | |
| System control number | (BD-RjUL)8907 |
| 040 ## - CATALOGING SOURCE | |
| Original cataloging agency | DLC |
| Transcribing agency | BD-RjUL |
| Modifying agency | BD-RjUL |
| Language of cataloging | eng |
| 041 ## - LANGUAGE CODE | |
| Language code of text/sound track or separate title | eng |
| 082 ## - DEWEY DECIMAL CLASSIFICATION NUMBER | |
| Classification number | 658.27 |
| Author mark and year | KIE 1962 |
| 100 1# - MAIN ENTRY--PERSONAL NAME | |
| Personal name | Kitow, Anatoliĭ Ivanovich. |
| 9 (RLIN) | 27553 |
| 245 10 - TITLE STATEMENT | |
| Title | Elektronische Digitalrechner und Programmierung, |
| Statement of responsibility, etc. | von A. I. Kitow und N. A. Krinizki. [Deutsche Übersetzung: Karl-Heinz Rupp, Hans Schemmel und Viktor Ziegler] |
| 260 ## - PUBLICATION, DISTRIBUTION, ETC. (IMPRINT) | |
| Place of publication, distribution, etc. | Leipzig, |
| Name of publisher, distributor, etc. | Teubner, |
| Date of publication, distribution, etc. | 1962. |
| 300 ## - PHYSICAL DESCRIPTION | |
| Pagination | 533 p. |
| Illustrations | illus. |
| Size | 24 cm. |
| 504 ## - BIBLIOGRAPHY, ETC. NOTE | |
| Bibliography, etc | Includes bibliography. |
| 650 #0 - SUBJECT ADDED ENTRY--TOPICAL TERM | |
| Topical term or geographic name as entry element | Electronic digital computers. |
| 9 (RLIN) | 27554 |
| Topical term or geographic name as entry element | Computer programming. |
| 9 (RLIN) | 27555 |
| 700 1# - ADDED ENTRY--PERSONAL NAME | |
| Personal name | Krinit︠s︡kiĭ, Nikolaĭ Andreevich. |
| 942 ## - ADDED ENTRY ELEMENTS (KOHA) | |
| Source of classification or shelving scheme | Dewey Decimal Classification |
| Koha item type | Books |
| Lost status | Source of classification or shelving scheme | Damaged status | Not for loan | Collection code | Permanent Location | Current Location | Shelving location | Date acquired | Source of acquisition | Cost, normal purchase price | Total Checkouts | Full call number | Date last seen | Copy number | Koha item type |
|---|---|---|---|---|---|---|---|---|---|---|---|---|---|---|---|
| Dewey Decimal Classification | Not For Loan | Non-fiction | Central Library, University of Rajshahi | Central Library, University of Rajshahi | 03/04/1965 | Zeitlinger | 115.00 | 658.27 KIE 1962 | 19/01/2014 | C-1 | Books |